Особенности формирования каталитических систем циглеровского типа на поверхности многослойных углеродных нанотрубок для получения композиционных материалов методом полимеризации in-situ; Химия и химическая технология в XXI веке

Bibliografski detalji
Parent link:Химия и химическая технология в XXI веке.— 2018.— [С. 521]
Glavni autor: Зданович А. А.
Autor kompanije: Институт катализа СО РАН имени Г. К. Борескова
Daljnji autori: Мацько М. А. (научный руководитель)
Sažetak:Заглавие с экрана
Jezik:ruski
Izdano: 2018
Serija:Химическая технология полимерных материалов
Teme:
Online pristup:http://earchive.tpu.ru/handle/11683/49952
Format: Elektronički Poglavlje knjige
KOHA link:https://koha.lib.tpu.ru/cgi-bin/koha/opac-detail.pl?biblionumber=627090

MARC

LEADER 00000naa2a2200000 4500
001 627090
005 20231101133438.0
035 |a (RuTPU)RU\TPU\conf\26789 
035 |a RU\TPU\conf\26777 
090 |a 627090 
100 |a 20180815d2018 k y0rusy50 ca 
101 0 |a rus 
102 |a RU 
105 |a y z 101zy 
135 |a drgn ---uucaa 
181 0 |a i  
182 0 |a b 
200 1 |a Особенности формирования каталитических систем циглеровского типа на поверхности многослойных углеродных нанотрубок для получения композиционных материалов методом полимеризации in-situ  |f А. А. Зданович  |g науч. рук. М. А. Мацько 
203 |a Текст  |c электронный 
225 1 |a Химическая технология полимерных материалов 
230 |a 1 компьютерный файл (pdf; 620 Kb) 
300 |a Заглавие с экрана 
463 0 |0 (RuTPU)RU\TPU\conf\26227  |t Химия и химическая технология в XXI веке  |o материалы XIX Международной научно-практической конференции студентов и молодых ученых имени профессора Л. П. Кулёва, 21-24 мая 2018 г., г. Томск  |f Национальный исследовательский Томский политехнический университет  |v [С. 521]  |d 2018 
610 1 |a электронный ресурс 
610 1 |a каталитические системы 
610 1 |a поверхности 
610 1 |a углеродные нанотрубки 
610 1 |a композиционные материалы 
610 1 |a полимеризация 
610 1 |a полимерные материалы 
610 1 |a олефины 
700 1 |a Зданович  |b А. А. 
702 1 |a Мацько  |b М. А.  |4 727 
712 0 2 |a Институт катализа СО РАН имени Г. К. Борескова 
801 2 |a RU  |b 63413507  |c 20180821  |g RCR 
856 4 |u http://earchive.tpu.ru/handle/11683/49952 
942 |c BK